Sāhityadarpaṇaḥ / (Record no. 86658)

MARC details
000 -LEADER
fixed length control field 00932cam a2200265 a 4500
001 - CONTROL NUMBER
control field sa 68015750
003 - CONTROL NUMBER IDENTIFIER
control field DLC
005 - DATE AND TIME OF LATEST TRANSACTION
control field 20260227112646.0
008 - FIXED-LENGTH DATA ELEMENTS--GENERAL INFORMATION
fixed length control field 900214s1967 ii ac 000 0 sano
010 ## - LIBRARY OF CONGRESS CONTROL NUMBER
LC control number sa 68015750
035 ## - SYSTEM CONTROL NUMBER
System control number (OCoLC)21063081
040 ## - CATALOGING SOURCE
Original cataloging agency DLC
Transcribing agency DLC
041 1# - LANGUAGE CODE
Language code of text/sound track or separate title hin
-- san
Language code of original san
050 00 - LIBRARY OF CONGRESS CALL NUMBER
Classification number PK2916
Item number .V577 1967b
100 0# - MAIN ENTRY--PERSONAL NAME
Personal name Viśvanātha Kavirāja.
240 10 - UNIFORM TITLE
Uniform title Sāhityadarpana.
Language of a work Hindi & Sanskrit
245 10 - TITLE STATEMENT
Title Sāhityadarpaṇaḥ /
Statement of responsibility, etc. Viśvanāthakavirājakr̥taḥ ; Śālagrāmaśāstrīviracitayā Vimalākhyayā Hindīvyākhyayā vibhūṣitaḥ.
250 ## - EDITION STATEMENT
Edition statement 3. saṃskaraṇa.
260 ## - PUBLICATION, DISTRIBUTION, ETC.
Place of publication, distribution, etc. Dillī :
Name of publisher, distributor, etc. Motīlāla Banārsīdāsa,
Date of publication, distribution, etc. 1967.
300 ## - PHYSICAL DESCRIPTION
Extent 17, 14, 371, 14 p. :
Other physical details ill. ;
Dimensions 26 cm.
546 ## - LANGUAGE NOTE
Language note Hindi and Sanskrit; introductory matter and notes in Hindi.
650 #0 - SUBJECT ADDED ENTRY--TOPICAL TERM
Topical term or geographic name entry element Sanskrit poetry
General subdivision History and criticism.
650 #0 - SUBJECT ADDED ENTRY--TOPICAL TERM
Topical term or geographic name entry element Poetics.
700 12 - ADDED ENTRY--PERSONAL NAME
Personal name Śāstrī, Śālagrāma.
Title of a work Vimala.

No items available.

Powered by Koha